Score 0/17 Timer 05:00
1 Play Today
% Correct
1979-2008
84%
1926-1962
76.8%
1931-1955
75.8%
1952-2009
75.1%
1977-2009
74.6%
1889-1977
70.6%
1932-2011
68.2%
1957-2012
59.7%
1964-1997
58.9%
% Correct
1948-2003
58.2%
1950-1994
58.1%
1965-1993
54.5%
1924-2004
52.6%
1907-1979
51.9%
1938-1981
50.5%
1911-1989
48.1%
1911-1937
46.3%
Remove Ads.
Support Sporcle.
Get the best of Sporcle when you Go Orange. This ad-free experience offers more features, more stats, and more fun while also helping to support Sporcle. Thank you for becoming a member.

You're not logged in!

Compare scores with friends on all Sporcle quizzes.
OR
Log In

Show Comments

Extras

Top Quizzes Today


Score Distribution

Your Account Isn't Verified!

In order to create a playlist on Sporcle, you need to verify the email address you used during registration. Go to your Sporcle Settings to finish the process.

Report this User

Report this user for behavior that violates our Community Guidelines.

Details: